The big water fight : trials and triumphs in citizen action on problems of supply, pollution, floods, and planning across the U.S.A. /

Bibliographic Details
Corporate Author: League of Women Voters (U.S.). Education Fund
Format: Book
Language:English
Published: Brattleboro, Vermont : Stephen Greene Press, 1966.
Subjects:
Online Access:French equivalent / Équivalent français

MARC

Tag First Indicator Second Indicator Subfields
LEADER 00000cam a22000001a 4500
001 in00000065698
005 20231130174806.0
007 ta
008 711020s1966 vtuab b 000 0 eng
010 |a  66025536  
016 |a (AMICUS)000001448179 
016 7 |a 0143465  |2 DNLM 
019 |a 712205  |a 976497781  |a 1086700922 
029 1 |a AU@  |b 000000658123 
029 1 |a NLC  |b 000001448179 
029 1 |a NLGGC  |b 780997654 
029 1 |a NLM  |b 0143465 
029 1 |a NZ1  |b 2968402 
029 1 |a NZ1  |b 668785 
035 |a (OCoLC)ocm00231926  
035 |a (OCoLC)231926  |z (OCoLC)712205  |z (OCoLC)976497781  |z (OCoLC)1086700922 
035 |a (OCoLC)ocm00231926  
040 |a DLC  |b eng  |c DLC  |d BAKER  |d LVB  |d NLM  |d STF  |d NIALS  |d BDX  |d OCLCO  |d OCLCF  |d OCLCQ  |d OCLCO  |d OCLCQ  |d CNUTO  |d NLC  |d OCLCQ  |d OCLCO  |d GILDS  |d PEX  |d OCLCQ  |d OCLCA  |d U3G  |d IL4J6  |d OCLCO  |d N8E  |d OCLCO  |d OCL  |d OCLCO 
043 |a n-us--- 
050 0 0 |a HD1694.A5  |b L4 
055 3 |a HD1694.A5  |b L4 
060 0 0 |a WA 675  |b L434b 1966 
082 0 0 |a 333.9100973 
110 2 |a League of Women Voters (U.S.).  |b Education Fund. 
245 1 4 |a The big water fight :  |b trials and triumphs in citizen action on problems of supply, pollution, floods, and planning across the U.S.A. /  |c The League of Women Voters Education Fund. 
260 |a Brattleboro, Vermont :  |b Stephen Greene Press,  |c 1966. 
300 |a ix, 246 pages :  |b illustrations, maps ;  |c 23 cm 
336 |a text  |b txt  |2 rdacontent 
337 |a unmediated  |b n  |2 rdamedia 
338 |a volume  |b nc  |2 rdacarrier 
504 |a Includes bibliographical references (pages 239-244). 
583 |a commitment to retain  |c 20151204  |2 pda  |5 OTUTLD 
650 0 |a Water resources development  |z United States. 
650 0 |a Water  |x Pollution  |z United States. 
650 0 |a Water-supply. 
650 2 |a Water Supply 
650 2 |a Water Pollution 
651 2 |a United States 
650 6 |a Ressources en eau  |x Exploitation  |z États-Unis. 
650 6 |a Eau  |x Pollution  |z États-Unis. 
650 6 |a Eau  |x Approvisionnement. 
650 7 |a Water-supply  |2 fast 
650 7 |a Water  |x Pollution  |2 fast 
650 7 |a Water resources development  |2 fast 
651 7 |a United States  |2 fast 
650 7 |a Water resources development  |z United States.  |2 nli 
650 7 |a Water  |x Pollution  |z United States.  |2 nli 
776 0 8 |i Online version:  |a League of Women Voters (U.S.). Education Fund.  |t Big water fight.  |d Brattleboro, Vt., S. Greene Press, 1966  |w (OCoLC)651823698 
856 4 2 |3 French equivalent / Équivalent français  |u https://bac-lac.on.worldcat.org/oclc/1032906072  |t 0 
938 |a Baker & Taylor  |b BKTY  |c 6.95  |d 5.21  |i 0828900515  |n 0000258540  |s active 
938 |a Brodart  |b BROD  |n 20954441  |c $6.95 
948 |h HELD BY TXA - 650 OTHER HOLDINGS 
994 |a Z0  |b TXA 
999 f f |s a914155a-5d5b-3232-944d-1a9dd5a72de7  |i 08c498cb-2824-3764-bc36-9cb55f66dcc8  |t 0 
952 f f |p ric  |a Texas A&M University  |b Rellis Campus  |c Joint Library Facility  |d Remote Storage  |t 0  |e HD1694.A5 L4  |h Library of Congress classification  |i unmediated -- volume  |m A14800741687 
998 f f |a HD1694.A5 L4  |t 0  |l Remote Storage